00514nam a22001577a 450000500170000001000150001702000260003203500140005803700130007208200080008510000160009324501130010926000450022227000760026730000130034320170524144424.0 aENG-118379 a9789386062208c995.00 aEN-101911 bDBAD/PUB a332 aMisra, Alok aResponsible finance india report 2016bClient first: tracking social performance practices /cby Alok Misra  aNew DelhibSage Publications Indiac2017 aB1/I-1 Mohan Cooperative Industrial Area Mathura Road, New Delhi-110044 axvi,143p